[Event "Muensterland Verbandsliga 2122"]
[Site "Germany"]
[Date "2021.11.13"]
[Round "2.5"]
[White "Preuss, Richard"]
[Black "Hagemann, Lars"]
[Result "1/2-1/2"]
[WhiteElo "1759"]
[BlackElo "1724"]
[PlyCount "75"]
[EventDate "2021.10.02"]
[EventType "team-tourn"]
[EventRounds "2"]
[EventCountry "GER"]
[SourceTitle "EXT 2023"]
[Source "ChessBase"]
[SourceDate "2022.10.05"]
[SourceVersion "1"]
[SourceVersionDate "2022.10.05"]
[SourceQuality "1"]
[WhiteTeam "Olfen"]
[BlackTeam "Nienberge II"]
[WhiteTeamCountry "GER"]
[BlackTeamCountry "GER"]

1. e4 e5 2. Nf3 Nf6 3. Qe2 Nc6 4. c3 d6 5. d4 g6 6. Bg5 Bg7 7. Nbd2 0-0 8. dxe5 dxe5 9. 0-0-0 Qe8 10. Nc4 Be6 11. h4 b5 12. Ncxe5 Nxe5 13. Nxe5 Bxa2 14. Bxf6 Bxf6 15. Nd7 Qe7 16. e5 Bg7 17. Nxf8 Bh6+ 18. Kc2 b4 19. Rd4 bxc3 20. Nxg6 hxg6 21. Qb5 c6 22. Qxc6 Rb8 23. Qxc3 Qe6 24. Bc4 Qf5+ 25. Kd1 Qb1+ 26. Ke2 Rxb2+ 27. Kf3 Qf5+ 28. Kg3 Qxf2+ 29. Kg4 Qf5+ 30. Kg3 Qxe5+ 31. Kh3 Qf5+ 32. g4 Qf2 33. Rd8+ Bf8 34. Rxf8+ Kxf8 35. Qh8+ Ke7 36. Qe5+ Kf8 37. Qh8+ Ke7 38. Qe5+ 1/2-1/2

[Event "Muensterland Verbandsklasse 1516"]
[Site "Germany"]
[Date "2016.05.28"]
[Round "9.6"]
[White "Hagemann, Lars"]
[Black "Huesmann, Stephan"]
[Result "1/2-1/2"]
[WhiteElo "1695"]
[BlackElo "1705"]
[PlyCount "106"]
[EventDate "2015.09.19"]
[EventType "team"]
[EventRounds "9"]
[EventCountry "GER"]
[SourceTitle "EXT 2017"]
[Source "ChessBase"]
[SourceDate "2016.10.25"]
[SourceVersion "1"]
[SourceVersionDate "2016.10.25"]
[SourceQuality "1"]
[WhiteTeam "Nienberge II"]
[BlackTeam "Rheine Klein Berlin II"]
[WhiteTeamCountry "GER"]
[BlackTeamCountry "GER"]

1. e4 e6 2. d4 d5 3. exd5 exd5 4. Nf3 c5 5. Bb5+ Nc6 6. Ne5 Nge7 7. Qe2 Be6 8. 0-0 Qc7 9. Bf4 0-0-0 10. Nxc6 Qxf4 11. Nxd8 Kxd8 12. Qe5 Qxe5 13. dxe5 c4 14. c3 a6 15. Ba4 Bf5 16. Nd2 b5 17. Bd1 Nc6 18. Nf3 Bc5 19. b4 Nxb4 20. cxb4 Bxb4 21. Nd4 Bd7 22. Ne2 Re8 23. f4 Bc5+ 24. Kh1 b4 25. Bc2 Bg4 26. Ng3 g6 27. h3 Be6 28. Rad1 Kc7 29. f5 gxf5 30. Nxf5 Rd8 31. Nd4 Kb6 32. Bxh7 Bxd4 33. Rxd4 Kc5 34. Rfd1 a5 35. Bc2 Rh8 36. Kg1 Rh5 37. Kf2 Rxe5 38. g4 Kb5 39. h4 a4 40. g5 b3 41. axb3 axb3 42. Bxb3 cxb3 43. Rb1 Kc5 44. Rd3 d4 45. Rdxb3 Bxb3 46. Rxb3 Kc4 47. Rb7 Rf5+ 48. Ke2 d3+ 49. Ke3 Re5+ 50. Kd2 Re2+ 51. Kd1 Rf2 52. h5 Kc3 53. Rc7+ Kd4 1/2-1/2

[Event "Muensterland Verbandsliga 1213"]
[Site "Germany"]
[Date "2013.05.04"]
[Round "9.8"]
[White "Kempe, Frank"]
[Black "Hagemann, Lars"]
[Result "1-0"]
[WhiteElo "1953"]
[BlackElo "1703"]
[PlyCount "85"]
[EventDate "2012.09.22"]
[EventType "team-tourn"]
[EventRounds "9"]
[EventCountry "GER"]
[SourceTitle "EXT 2015"]
[Source "ChessBase"]
[SourceDate "2014.11.20"]
[SourceVersion "1"]
[SourceVersionDate "2014.11.20"]
[SourceQuality "1"]
[WhiteTeam "Suedlohn"]
[BlackTeam "Nienberge"]
[WhiteTeamCountry "GER"]
[BlackTeamCountry "GER"]

1. d4 Nf6 2. Nf3 d5 3. e3 e6 4. Bd3 c5 5. b3 Nc6 6. Nbd2 cxd4 7. exd4 Bb4 8. Bb2 0-0 9. 0-0 Bd6 10. a3 Bd7 11. Ne5 Rc8 12. Qf3 Bb8 13. Qh3 g6 14. Rae1 a6 15. Ndf3 Kg7 16. Bc1 h5 17. Bg5 Qc7 18. Qh4 Nh7 19. Bc1 Be8 20. Qf4 Rh8 21. g4 hxg4 22. Qh6+ Kg8 23. Nxg4 f5 24. Nge5 Nf6 25. Qg5 Nxe5 26. dxe5 Ng4 27. c4 Qh7 28. Bf4 Qh3 29. Bg3 d4 30. Qe7 Bf7 31. Ng5 Rc7 32. Qxc7 Qxg3+ 33. hxg3 Bxc7 34. Nxf7 Kxf7 35. Kg2 Nxe5 36. Rd1 Nxd3 37. Rxd3 e5 38. f4 Kf6 39. fxe5+ Kxe5 40. Re1+ Kf6 41. Rxd4 Be5 42. Rd7 b5 43. Ra7 1-0

[Event "Muensterland Verbandsklasse-A 1213"]
[Site "Germany"]
[Date "2013.04.20"]
[Round "8.4"]
[White "Leidig, Andreas"]
[Black "Hagemann, Lars"]
[Result "1-0"]
[WhiteElo "1734"]
[BlackElo "1703"]
[PlyCount "89"]
[EventDate "2012.09.15"]
[EventType "team-tourn"]
[EventRounds "9"]
[EventCountry "GER"]
[SourceTitle "EXT 2015"]
[Source "ChessBase"]
[SourceDate "2014.11.20"]
[SourceVersion "1"]
[SourceVersionDate "2014.11.20"]
[SourceQuality "1"]
[WhiteTeam "Heiden"]
[BlackTeam "Nienberge II"]
[WhiteTeamCountry "GER"]
[BlackTeamCountry "GER"]

1. e4 c5 2. d4 cxd4 3. Nf3 d6 4. c3 d3 5. Bxd3 Nc6 6. 0-0 Nf6 7. h3 e6 8. Be3 Be7 9. Nbd2 0-0 10. Nd4 Bd7 11. f4 a6 12. N2f3 Qc7 13. Qe1 e5 14. Nb3 b5 15. f5 d5 16. Ng5 h6 17. exd5 hxg5 18. dxc6 Bxc6 19. Bxg5 e4 20. Bc2 Ng4 21. Bf4 Qa7+ 22. Kh1 Nf6 23. Bg5 Rad8 24. Nd4 Ba8 25. Qh4 Qb7 26. Rf2 b4 27. Re1 bxc3 28. bxc3 Qc7 29. Re3 Rb8 30. Bb3 a5 31. Rfe2 a4 32. Bxa4 Rb1+ 33. Re1 Rxe1+ 34. Qxe1 Bd5 35. Bb3 Qb7 36. c4 Bc6 37. Nxc6 Qxc6 38. Bxf6 Bxf6 39. Rxe4 Rd8 40. a4 Bc3 41. Qe3 Ba5 42. c5 Rb8 43. Re7 Rxb3 44. Qxb3 Qxc5 45. Qxf7+ 1-0

[Event "Muensterland Verbandsliga 1213"]
[Site "Germany"]
[Date "2013.04.13"]
[Round "8.8"]
[White "Hagemann, Lars"]
[Black "Pohlmeier, Ulrich"]
[Result "1/2-1/2"]
[WhiteElo "1703"]
[BlackElo "1611"]
[PlyCount "36"]
[EventDate "2012.09.22"]
[EventType "team-tourn"]
[EventRounds "9"]
[EventCountry "GER"]
[SourceTitle "EXT 2015"]
[Source "ChessBase"]
[SourceDate "2014.11.20"]
[SourceVersion "1"]
[SourceVersionDate "2014.11.20"]
[SourceQuality "1"]
[WhiteTeam "Nienberge"]
[BlackTeam "Rheine Klein Berlin"]
[WhiteTeamCountry "GER"]
[BlackTeamCountry "GER"]

1. e4 d6 2. d4 g6 3. Nc3 Bg7 4. Be3 Nf6 5. Nf3 0-0 6. Be2 Nbd7 7. Qd2 a6 8. a4 b6 9. Bh6 Bb7 10. Bxg7 Kxg7 11. Bd3 e6 12. 0-0 c5 13. Rfe1 Qc7 14. b3 Rfc8 15. d5 exd5 16. exd5 Ne5 17. Nxe5 dxe5 18. Bc4 Qd6 1/2-1/2

[Event "Muensterland Verbandsklasse-A 1213"]
[Site "Germany"]
[Date "2013.03.16"]
[Round "7.5"]
[White "Miethe, Christoph"]
[Black "Hagemann, Lars"]
[Result "1/2-1/2"]
[WhiteElo "1641"]
[BlackElo "1703"]
[PlyCount "74"]
[EventDate "2012.09.15"]
[EventType "team-tourn"]
[EventRounds "9"]
[EventCountry "GER"]
[SourceTitle "EXT 2015"]
[Source "ChessBase"]
[SourceDate "2014.11.20"]
[SourceVersion "1"]
[SourceVersionDate "2014.11.20"]
[SourceQuality "1"]
[WhiteTeam "Neuenkirchen II"]
[BlackTeam "Nienberge II"]
[WhiteTeamCountry "GER"]
[BlackTeamCountry "GER"]

1. e4 c5 2. c3 Nf6 3. e5 Nd5 4. d4 cxd4 5. cxd4 e6 6. Nf3 d6 7. Bb5+ Bd7 8. Bxd7+ Qxd7 9. 0-0 Nc6 10. Nc3 Nxc3 11. bxc3 dxe5 12. Nxe5 Nxe5 13. dxe5 Qxd1 14. Rxd1 Bc5 15. Rb1 b6 16. g3 Ke7 17. Kg2 Rhd8 18. Bg5+ f6 19. exf6+ gxf6 20. Bh6 Rxd1 21. Rxd1 Rd8 22. Rxd8 Kxd8 23. Kf3 Kd7 24. Bg7 Ke7 25. Ke2 a5 26. f3 Ba3 27. Bh6 Kd7 28. Kd3 Kc6 29. c4 Bc5 30. a4 Bd6 31. Be3 Bc7 32. f4 f5 33. h3 h5 34. Kd4 Bd6 35. Kd3 e5 36. fxe5 Bxe5 37. Bf2 Kc7 1/2-1/2

[Event "Muensterland Verbandsliga 1112"]
[Site "Germany"]
[Date "2011.12.17"]
[Round "4.8"]
[White "Sandmann, Sebastian"]
[Black "Hagemann, Lars"]
[Result "1/2-1/2"]
[WhiteElo "1669"]
[BlackElo "1656"]
[PlyCount "35"]
[EventDate "2011.09.24"]
[EventType "team-tourn"]
[EventRounds "9"]
[EventCountry "GER"]
[SourceTitle "EXT 2013"]
[Source "ChessBase"]
[SourceDate "2012.11.22"]
[SourceVersion "1"]
[SourceVersionDate "2012.11.22"]
[SourceQuality "1"]
[WhiteTeam "Ostbevern Westbevern"]
[BlackTeam "Nienberge"]
[WhiteTeamCountry "GER"]
[BlackTeamCountry "GER"]

1. e4 c5 2. f4 d6 3. Nf3 Nc6 4. c3 Nf6 5. d3 g6 6. Be3 Bg7 7. Nbd2 Ng4 8. Bg1 e5 9. h3 Nh6 10. fxe5 Nxe5 11. d4 Nxf3+ 12. Nxf3 cxd4 13. Bxd4 Bxd4 14. Qxd4 0-0 15. 0-0-0 Qa5 16. Bc4 Be6 17. g4 Rac8 18. Bd5 1/2-1/2

[Event "Muensterland Verbandsklasse-B 1112"]
[Site "Germany"]
[Date "2011.09.17"]
[Round "1.6"]
[White "Hagemann, Lars"]
[Black "Woltering, Martin"]
[Result "1/2-1/2"]
[WhiteElo "1687"]
[BlackElo "1655"]
[PlyCount "42"]
[EventDate "2011.09.17"]
[EventType "team-tourn"]
[EventRounds "9"]
[EventCountry "GER"]
[SourceTitle "EXT 2013"]
[Source "ChessBase"]
[SourceDate "2012.11.22"]
[SourceVersion "1"]
[SourceVersionDate "2012.11.22"]
[SourceQuality "1"]
[WhiteTeam "Nienberge II"]
[BlackTeam "Ahaus Wessum"]
[WhiteTeamCountry "GER"]
[BlackTeamCountry "GER"]

1. e4 e6 2. b3 d5 3. Bb2 dxe4 4. Nc3 Nf6 5. Qe2 Be7 6. Nxe4 0-0 7. Ng5 Qd5 8. N1f3 Bd7 9. g3 Bc6 10. Bg2 Nbd7 11. 0-0 h6 12. Nh3 Bd6 13. c4 Qh5 14. Nd4 Qxe2 15. Nxe2 Bxg2 16. Kxg2 Rad8 17. d4 b6 18. Nhf4 Rfe8 19. Nd3 e5 20. Rfe1 e4 21. Ndf4 g5 1/2-1/2

[Event "Muensterland Verbandsklasse-A 1011"]
[Site "Germany"]
[Date "2010.12.11"]
[Round "4.8"]
[White "Hagemann, Lars"]
[Black "Roedig, Martin"]
[Result "1/2-1/2"]
[WhiteElo "1683"]
[BlackElo "1468"]
[PlyCount "163"]
[EventDate "2010.09.18"]
[EventType "team-tourn"]
[EventRounds "9"]
[EventCountry "GER"]
[SourceTitle "EXT 2012"]
[Source "ChessBase"]
[SourceDate "2011.11.24"]
[SourceVersion "1"]
[SourceVersionDate "2011.11.24"]
[SourceQuality "1"]
[WhiteTeam "Nienberge II"]
[BlackTeam "Muenster SK III"]
[WhiteTeamCountry "GER"]
[BlackTeamCountry "GER"]

1. e4 e5 2. Nf3 Nc6 3. d4 exd4 4. c3 d5 5. exd5 Qxd5 6. cxd4 Nf6 7. Nc3 Bb4 8. a3 Bxc3+ 9. bxc3 0-0 10. Be2 Re8 11. 0-0 Bf5 12. Nh4 Qd7 13. Nxf5 Qxf5 14. Bd3 Qd7 15. Bg5 Qd6 16. Qf3 Qd5 17. Qg3 Ne4 18. Bxe4 Rxe4 19. Bf6 g6 20. Rae1 Rxe1 21. Rxe1 Qd7 22. Qe3 Qe6 23. Qxe6 fxe6 24. Bg5 Kf7 25. Bf4 Rc8 26. f3 Ne7 27. Rb1 Nd5 28. Be5 b6 29. c4 Ne7 30. c5 Nc6 31. cxb6 cxb6 32. Rc1 Ne7 33. Rxc8 Nxc8 34. Bb8 a6 35. Kf2 Ne7 36. Ke2 Nc6 37. Bc7 b5 38. Kd3 Ke7 39. h4 Kd7 40. Bf4 Ne7 41. g4 Nd5 42. Bd2 Kd6 43. Ke4 Nf6+ 44. Kd3 Kd5 45. Bg5 Nd7 46. Bd8 e5 47. dxe5 Nxe5+ 48. Kc3 Nxf3 49. Kb4 Ne5 50. g5 Nf3 51. Ka5 Nxh4 52. Kxa6 Kc4 53. Ka5 Nf5 54. Bf6 h5 55. gxh6 Nxh6 56. a4 bxa4 57. Kxa4 Ng4 58. Bd8 Kd5 59. Kb4 Ke5 60. Kc4 Nf6 61. Bc7+ Kf5 62. Kd4 g5 63. Bh2 Ne4 64. Ke3 Nf6 65. Kf3 Ne4 66. Bc7 Nd2+ 67. Ke2 Ne4 68. Kf3 Nc5 69. Bh2 Ne6 70. Ke3 Kg4 71. Kf2 Kh3 72. Be5 Nc5 73. Bc7 g4 74. Bb8 Ne4+ 75. Kg1 Nd2 76. Bc7 Nf3+ 77. Kf1 Nh2+ 78. Kg1 Nf3+ 79. Kf1 Nd4 80. Bb8 Nf5 81. Bc7 Ng3+ 82. Kg1 1/2-1/2